Worshipping The Lord Within/ (Record no. 188417)

MARC details
000 -LEADER
fixed length control field 00566nam a22001817a 4500
005 - DATE AND TIME OF LATEST TRANSACTION
control field 20220520160612.0
010 ## - LCCN (DPL NO)
LC control number ENG-132761
020 ## - INTERNATIONAL STANDARD BOOK NUMBER
International Standard Book Number 9789380695266
Terms of availability 60.00
035 ## - SYSTEM CONTROL NUMBER
System control number EN-116293
037 ## - SOURCE OF ACQUISITION
Source of stock number/acquisition DBAD/PUB
082 ## - DEWEY DECIMAL CLASSIFICATION NUMBER
Edition number 215
100 ## - MAIN ENTRY--PERSONAL NAME
Personal name Tirtha, Swami Bhoomananda
245 ## - TITLE STATEMENT
Title Worshipping The Lord Within/
Statement of responsibility, etc Swami Bhoomananda Tirtha
260 ## - PUBLICATION, DISTRIBUTION, ETC. (IMPRINT)
Place of publication, distribution, etc Kerala
Name of publisher, distributor, etc Narayanashrama Tapovanam
Date of publication, distribution, etc 2012
270 ## - ADDRESS
Address Venginissery, P.O. Animada Thrissur
City Kerala
Postal code 680563
Electronic mail address ashram1@gmail.com
300 ## - PHYSICAL DESCRIPTION
Extent v, 54p.
Dimensions 21cm(pbk)
942 ## - ADDED ENTRY ELEMENTS (KOHA)
Source of classification or shelving scheme Dewey Decimal Classification
Item type English Books
Classification part 215
Call number suffix TIR
Holdings
Withdrawn status Lost status Not for loan Collection code Home library Current library Date acquired Source of acquisition Cost, normal purchase price Full call number Barcode Copy number Cost, replacement price Koha item type
      Non-fiction Ashok Vihar Ashok Vihar 20/05/2022 DBAD/PUB 60.00 215 TIR EN-116293 1 60.00 English Books

© Delhi Public Library
Hit Counter
free hit counter